| 000 | 01574nam a2200433 i 4500 | ||
|---|---|---|---|
| 001 | 24762 | ||
| 003 | KOSZ 005 | ||
| 005 | 20250722063906.0 | ||
| 008 | 980702s1995 pl |000 0 pol | ||
| 015 | _aPB 1996/4120 | ||
| 020 | _a8301118962 | ||
| 040 |
_aWA N _cWAN _dKOSZ 005/HR |
||
| 046 | _k1995 | ||
| 080 | _a336.1/.5(438) | ||
| 080 | _a338.22(438) | ||
| 245 | 0 | 0 |
_aSystem finansów publicznych w procesie transformacji gospodarki polskiej / _cred. nauk. Stanisław Owsiak ; [aut. Krystyna Ciuman et al.] ; Fundacja Edukacyjna Przedsiębiorczości. |
| 260 |
_aWarszawa : _bWydawnictwo Naukowe PWN, _c1995. |
||
| 300 |
_a278, [2] s. ; _c21 cm. |
||
| 336 |
_2rdacontent _aTekst _btxt |
||
| 337 |
_2rdamedia _aBez urządzenia pośredniczącego _bn |
||
| 338 |
_2rdacarrier _aWolumin _bnc |
||
| 380 | _aKsiążki | ||
| 388 | _a1901-2000 | ||
| 388 | _a1989-2000 | ||
| 490 | 1 | _aPrzedsiębiorczość | |
| 504 | _aBibliogr. s. 271-273, akty prawne s. 274-[279]. | ||
| 648 | 7 | _a1901-2000 | |
| 648 | 7 | _a1989-2000 | |
| 650 | 4 | _aFinanse publiczne | |
| 650 | 4 | _aTransformacja systemu społeczno-gospodarczego | |
| 651 | _aPolska | ||
| 658 | _aGospodarka, ekonomia, finanse | ||
| 700 | 1 |
_aCiuman, Krystyna _eAutor |
|
| 700 | 1 |
_aOwsiak, Stanisław _d(1946- ) _eRedakcja |
|
| 710 | 2 |
_aWydawnictwo Naukowe PWN _4pbl. |
|
| 830 | 0 | _aPrzedsiębiorczość (PWN) | |
| 856 |
_uhttp://koha.tu.koszalin.pl/cgi-bin/koha/opac-detail.pl?biblionumber=24762 _yKatalog online BPK |
||
| 942 |
_2UKD _cKS |
||
| 999 |
_c24762 _d24762 |
||